| 000 | 00680nam a2200229 a 4500 | ||
|---|---|---|---|
| 008 | |||
| 020 | _a0471829498 (cased) | ||
| 049 | _aMAIN | ||
| 090 |
_aTA645 _bWES |
||
| 100 | 1 | _aWest, Harry H. | |
| 245 | 1 | 0 |
_aAnalysis of structures : _ban integration of classical and modern methods / _cHarry H. West. |
| 250 | _a2nd ed. | ||
| 260 |
_aNew York : _bWiley, _cc1989. |
||
| 300 |
_axix, 707, [17] p. : _bill. ; _c26 cm. |
||
| 500 | _aIncludes index. | ||
| 650 | 0 | _aStructural analysis (Engineering). | |
| 907 |
_a.b10008639 _b09-10-12 _c17-04-03 |
||
| 003 | |||
| 005 | 20230123133534.0 | ||
| 040 | _cNUST | ||
| 942 |
_cBOOKS _kTA645 _mWES |
||
| 999 |
_c150335 _d150335 |
||